| 000 | 00438nam a2200145Ia 4500 | ||
|---|---|---|---|
| 020 | _a9788120314610 | ||
| 082 |
_a621.3813 _bRIZ |
||
| 100 | _aRizzi, Peter A. | ||
| 245 | _aMicrowave engineering : passive circuits | ||
| 260 |
_bPHI Learning Private Limited _aNew Delhi _c2011 |
||
| 300 | _a572p. | ||
| 650 | _aElectronics Engineering | ||
| 653 | _aMicrowave circuits, Elementary fields&waves, Transmission- line theory, | ||
| 942 |
_2ddc _cBK |
||
| 999 |
_c5077 _d5077 |
||